WHO STEPS survey on risk factors for noncommunicable diseases Maldives, 2011.
Wedi'i Gadw mewn:
| Awdur Corfforaethol: | |
|---|---|
| Fformat: | Llyfr |
| Iaith: | English |
| Cyhoeddwyd: |
Maldives.
World Health Organization, Country Office for Republic of Maldives.
c2014.
|
| Pynciau: | |
| Mynediad Ar-lein: | Visit NHRC Library |
| Tagiau: |
Ychwanegu Tag
Dim Tagiau, Byddwch y cyntaf i dagio'r cofnod hwn!
|
| LEADER | 00850nam a22002057a 4500 | ||
|---|---|---|---|
| 003 | OSt | ||
| 005 | 20220906184637.0 | ||
| 008 | 140731b xxu||||| |||| 00| 0 eng d | ||
| 952 | |0 0 |1 0 |2 NLM |4 0 |6 RES_00718_WHO_2014_000000000000000 |7 0 |9 2007 |a NHRC |b NHRC |d 2014-07-31 |l 0 |o RES-00718/WHO/2014 |p RES-00718 |r 2014-07-31 |w 2014-07-31 |y RR | ||
| 999 | |c 1950 |d 1950 | ||
| 060 | |a RES00718 | ||
| 110 | |a World Health Organization, Country Office for Republic of Maldives |9 2320 | ||
| 245 | |a WHO STEPS survey on risk factors for noncommunicable diseases Maldives, 2011. | ||
| 260 | |a Maldives. |b World Health Organization, Country Office for Republic of Maldives. |c c2014. | ||
| 300 | |a ix, 100p. | ||
| 500 | |a Research Report. | ||
| 650 | |a Noncommunicable diseases. |9 2321 | ||
| 650 | |a Maldives. |9 1202 | ||
| 856 | |u http://nhrc.gov.np/contact/ |y Visit NHRC Library | ||
| 942 | |2 NLM |c RR | ||